Statystyki dla Zgadnij państwo po informacji

Kliknij tutaj aby rozwiązać quiz!

Ogólne statystyki

  • Ten quiz został rozwiązany 62 razy
  • Średni wynik to 5 z 16

Statystyki odpowiedzi

informacjapaństwo% Poprawnych
Znajduję się tutaj najwyższy budynek na świecie (828 metrów)Zjednoczone Emiraty Arabskie
67%
Ten kraj produkuje najwięcej filmówIndie
61%
W tym państwie jest najwięcej rowerów w stosunku do liczby mieszkańcówHolandia
52%
Jest to największe państwo na świecie bez dostępu do morzaKazachstan
52%
Jest to najczęściej odwiedzane państwo na ZiemiFrancja
50%
To państwo ma najwięcej wysp na świecie (267 570)Szwecja
50%
Jest to najmłodsze państwo na świecie (2011 rok)Sudan Południowy
46%
Mieszkańcy tego państwa jedzą najwięcej czekoladySzwajcaria
37%
Znajduję się tu najwięcej jezior (około 2 milionów)Kanada
33%
W tym państwie jest używanych najwięcej języków (840)Papua-Nowa Gwinea
22%
Znajduję się tutaj najwięcej wulkanów (167)Stany Zjednoczone
17%
W tym państwie jest najwięcej parków narodowych (684)Australia
15%
Jest to najbardziej zalesione państwo na świecie(około 90%)Surinam
15%
Mieszkańcy tego państwa piją najwięcej herbaty(2,5-3kg)Turcja
13%
Mieszkańcy tego państwa są najbardziej wykształceni (ok.55% ma wyższe wykształcenie)Kanada
9%
W tym kraju żyje najwięcej gatunków ssakówIndonezja
2%

Rozkład punktacji

Percentyl według liczby udzielonych odpowiedzi

Procent ludzi z każdym wynikiem

Twoja historia wyników

Nie rozwiązałeś tego quizu